| 000 | 00545nam a2200181Ia 4500 | ||
|---|---|---|---|
| 008 | 190427s9999 xx 000 0 und d | ||
| 100 | _aOliveira, Fernando S | ||
| 245 | 2 | _aA creativity support system Based on Casual Mapping/ | |
| 245 | _cFernando S. Oliveira.-- | ||
| 260 | _bTaylor and Francis Group | ||
| 260 | _c2018 | ||
| 300 | _apages 99-109, 2018 | ||
| 440 |
_aJournal of Computer Inforamation System _v58(2) |
||
| 650 | _aArtificial Intelligence | ||
| 650 | _aCasual Mapping | ||
| 650 | _aComputational | ||
| 650 | _aCreativity | ||
| 999 |
_c361716 _d361716 |
||